[Event "World ol U16 11th"]
[Site "Istanbul"]
[Date "2012.08.30"]
[Round "3.12"]
[White "Dobes, Vojtech"]
[Black "Cibotaru, Alexandr"]
[Result "1-0"]
[WhiteElo "2060"]
[BlackElo "1371"]
[PlyCount "75"]
[EventDate "2012.08.29"]
[EventType "team-swiss"]
[EventRounds "10"]
[EventCountry "TUR"]
[SourceTitle "CBM 150 Extra"]
[Source "ChessBase"]
[SourceDate "2012.10.19"]
[SourceVersion "1"]
[SourceVersionDate "2012.10.19"]
[SourceQuality "1"]
[WhiteTeam "Czech Republic (U16)"]
[BlackTeam "Moldova (U16)"]
[WhiteTeamCountry "CZE"]
[BlackTeamCountry "MDA"]

1. e4 e5 2. Nf3 Nc6 3. Bb5 a6 4. Ba4 Nf6 5. 0-0 Be7 6. Re1 b5 7. Bb3 d6 8. c3 Na5 9. Bc2 c5 10. h3 0-0 11. d4 exd4 12. cxd4 Bb7 13. Nbd2 Re8 14. Nf1 Bf8 15. Ng3 g6 16. b3 Bg7 17. Bb2 Nc6 18. a3 h6 19. d5 Ne5 20. Nxe5 dxe5 21. Bd3 Qb6 22. Ra2 Rad8 23. Bc1 Qd6 24. Be3 Rc8 25. Qe2 Nd7 26. a4 b4 27. Rc2 a5 28. Rec1 Bf8 29. Bb5 Red8 30. Bxd7 Qxd7 31. Bxc5 Bxc5 32. Rxc5 Rxc5 33. Rxc5 Ra8 34. Qc2 Qd6 35. Nf1 Qb6 36. Rb5 Qa7 37. Qc7 Rb8 38. Rxa5 1-0